| 000 | 00629nac a22001931u 4500 | ||
|---|---|---|---|
| 003 | EG-ScBUE | ||
| 005 | 20221211105627.0 | ||
| 008 | 221211s1977 ja ae f 000 0 eng d | ||
| 035 | _a(OCoLC)ocm04049049 | ||
| 040 |
_aEG-ScBUE _beng _erda _cEG-ScBUE _dEG-ScBUE |
||
| 082 | 0 | 4 |
_a724.605 _222 _bPRO |
| 245 | 0 | 0 |
_aProcess, architecture : _becological landscape planning. |
| 264 | 1 |
_a[Tokyo] : _bProcess Architecture Pub. Co., _c1977. |
|
| 300 |
_a144 pages : _billustrations (some color), plans ; _c30 cm |
||
| 650 | 7 |
_aArchitecture, Modern _y20th century _vPeriodicals. |
|
| 653 | _bENGARC | ||
| 655 | _vReading book | ||
| 942 |
_cBB _2ddc |
||
| 999 |
_c6431 _d6431 |
||